| 000 | 00765nam a2200193 a 4500 | ||
|---|---|---|---|
| 005 | 20240911064620.0 | ||
| 008 | 991125s1983 mx 000 0 spa u | ||
| 020 | _a9688051810 | ||
| 035 | _aUPN01000017095 | ||
| 049 | _aCG | ||
| 050 | 4 |
_aP92 M6 _bC6 no.3 |
|
| 245 | 1 | 0 |
_aEducación : _bv. 1. |
| 260 |
_aMéxico : _bForo de Consulta Popular de Comunicación Social, _c1983. |
||
| 300 | _a325, [42] p. | ||
| 440 | 0 |
_aComunicación social ; _v3 |
|
| 500 | _aContiene la recopilación de 83 ponencias registradas en el tema, para participar en las reuniones que se organizaron los días 2, 4, 6 y 8 de mayo en las ciudades de Hermosillo, Son., Monterrey, N. L., Guadalajara, Jal. y Mérida, Yuc. | ||
| 650 | 4 |
_aComunicación en la educación _91520 |
|
| 905 | _aLibro | ||
| 999 |
_c17095 _d17095 |
||